| 000 | 00457nam a2200157 i 4500 | ||
|---|---|---|---|
| 001 | 91062 | ||
| 003 | ES-MaACL | ||
| 007 | t| | ||
| 008 | 050126s1933 fr ||||1| fre d | ||
| 100 | 1 |
_aLerebours-Pigeonnière, Paul. _971755 |
|
| 245 | 1 | 0 |
_aPrécis de Droit International Privée / _cPaul Lerebours-Pigeonnière. |
| 250 | _a2ème éd. | ||
| 260 |
_aParis : _b[s.n., _c1933] ( _eTours : _fMame) |
||
| 300 |
_a471 p. ; _c19 cm. |
||
| 852 |
_aES-MaACL _jB-7790 |
||
| 999 |
_c91062 _d91062 |
||